Normal view
MARC view
Entry Personal Name
001 - CONTROL NUMBER
- control field: 12642
003 - CONTROL NUMBER IDENTIFIER
- control field: BD-RjUL
005 - DATE AND TIME OF LATEST TRANSACTION
- control field: 20240421124224.0
008 - FIXED-LENGTH DATA ELEMENTS
- fixed length control field: 240421|| aca||aabn | a|a d
040 ## - CATALOGING SOURCE
- Original cataloging agency: BD-RjUL
- Transcribing agency: BD-RjUL
100 ## - HEADING--PERSONAL NAME
- Personal name: Ali, Shaikh M. Mohsin, Supervisor
670 ## - SOURCE DATA FOUND
- Source citation: Work cat.: (BD-RjUL)83550: Jesmin, Mele 11881, Antineoplastic and Antimicrobial Activities of some Schiff Bases and Schiff Base Complexes /, 2011